Memorandum and Correspondence as to H.R. 19077, 23532, and 27295, Concerning Trial and Evidence in Equity and Admiralty.

Bibliographic Details
Corporate Authors: United States. Congress. House. Committee on the Judiciary, ProQuest (Firm)
Format: Government Document eBook
Language:English
Published: [Place of publication not identified] : [publisher not identified], 1910-1911.
Series:U.S. Congressional Research.
Subjects:
Online Access:Connect to the full text of this electronic book

MARC

Tag First Indicator Second Indicator Subfields
LEADER 00000cam a22000001a 4500
001 in00003319476
006 m d f
007 cr bn mmmapmmp
008 100410m19101911dcu o f000 0 eng d
005 20260430152002.1
035 |a cis2007822345 
040 |a LexisNexis  |c LexisNexis  |d UtOrBLW 
043 |a n-us--- 
086 0 |a Y 4.J 89/1:Eq 5 
099 |a CMP-1911-HJH-0001 
110 1 |a United States.  |b Congress.  |b House.  |b Committee on the Judiciary. 
245 1 0 |a Memorandum and Correspondence as to H.R. 19077, 23532, and 27295, Concerning Trial and Evidence in Equity and Admiralty. 
264 1 |a [Place of publication not identified] :  |b [publisher not identified],  |c 1910-1911. 
300 |a 1 online resource. 
336 |a text  |b txt  |2 rdacontent 
337 |a computer  |b c  |2 rdamedia 
338 |a online resource  |b cr  |2 rdacarrier 
500 |a Record is based on bibliographic data in LexisNexis U.S. Congressional Research Digital Collection (last viewed Apr. 2010). Reuse except for individual research requires license from LexisNexis. 
500 |a Print. 
500 |a Electronic resource. 
610 1 0 |a United States.  |b Department of Justice. 
650 0 |a Evidence. 
650 0 |a Judgments. 
655 7 |a Electronic books.  |2 local 
710 2 |a ProQuest (Firm) 
776 0 8 |i Microfiche version:   |a United States. Congress. House. Committee on the Judiciary.   |t Memorandum and Correspondence as to H.R. 19077, 23532, and 27295, Concerning Trial and Evidence in Equity and Admiralty.  |o H2756 
830 0 |a U.S. Congressional Research. 
856 4 0 |u http://proxy.library.tamu.edu/login?url=https://congressional.proquest.com/congcomp/getdoc?CRDC-ID=CMP-1911-HJH-0001  |z Connect to the full text of this electronic book  |t 0 
999 |a MARS 
999 f f |s 9bb6cc83-6bf1-39d7-bfaa-28d1a3e778fa  |i 50eedd3a-8b5a-3935-ae88-8e35d239c31a  |t 0 
952 f f |a Texas A&M University  |b College Station  |c Electronic Resources  |s www_evans  |d Available Online  |t 0  |e CMP-1911-HJH-0001  |h Other scheme 
998 f f |a CMP-1911-HJH-0001  |t 0  |l Available Online